<?xml version="1.0" encoding="UTF-8"?>
<marc:record xmlns:marc="http://www.loc.gov/MARC21/slim">
   <marc:leader>00000nam a2200000 a 4500</marc:leader>
   <marc:datafield ind1="1" ind2=" " tag="100">
      <marc:subfield code="a">Schwarz, Manfred</marc:subfield>
      <marc:subfield code="4">aut</marc:subfield>
      <marc:subfield code="e">Verfasser/-in</marc:subfield>
   </marc:datafield>
   <marc:datafield ind1=" " ind2=" " tag="653">
      <marc:subfield code="a">Wetter</marc:subfield>
   </marc:datafield>
   <marc:datafield ind1=" " ind2=" " tag="653">
      <marc:subfield code="a">Wüste</marc:subfield>
   </marc:datafield>
   <marc:datafield ind1=" " ind2=" " tag="653">
      <marc:subfield code="a">Atmosphäre</marc:subfield>
   </marc:datafield>
   <marc:datafield ind1=" " ind2=" " tag="653">
      <marc:subfield code="a">Vulkane</marc:subfield>
   </marc:datafield>
   <marc:datafield ind1=" " ind2=" " tag="653">
      <marc:subfield code="a">Sonne</marc:subfield>
   </marc:datafield>
   <marc:datafield ind1=" " ind2=" " tag="653">
      <marc:subfield code="a">Mond</marc:subfield>
   </marc:datafield>
   <marc:datafield ind1=" " ind2=" " tag="653">
      <marc:subfield code="a">Erde</marc:subfield>
   </marc:datafield>
   <marc:datafield ind1=" " ind2=" " tag="653">
      <marc:subfield code="a">Klima</marc:subfield>
   </marc:datafield>
   <marc:datafield ind1="0" ind2="0" tag="245">
      <marc:subfield code="a">Erde</marc:subfield>
   </marc:datafield>
   <marc:datafield ind1="0" ind2="0" tag="245">
      <marc:subfield code="c">Manfred Schwarz</marc:subfield>
   </marc:datafield>
   <marc:datafield ind1=" " ind2="1" tag="264">
      <marc:subfield code="b">RM Buch u.Medien Vertriebs GmbH</marc:subfield>
      <marc:subfield code="c">2007</marc:subfield>
   </marc:datafield>
   <marc:datafield ind1="1" ind2=" " tag="490">
      <marc:subfield code="a">Expedition Wissen</marc:subfield>
   </marc:datafield>
   <marc:datafield ind1=" " ind2=" " tag="250">
      <marc:subfield code="a">79 Seiten</marc:subfield>
   </marc:datafield>
   <marc:datafield ind1="1" ind2=" " tag="520">
      <marc:subfield code="a">Vom Urknall über den Aufbau der Erde bis zu den verschiedenen Lebensräumen der Erde erfahren Kinder alles Wissenswerte. Die neue Reihe bei Ravensburger mit weiterführenden Texten auf der eigenen Homepage wendet sich an Kinder im Grundschulalter. Der Band "Erde" erläutert die Entwicklung der Erde ab dem Urknall, die Erde im Zusammenhang mit Sonne und Planeten (Extrakapitel Mond), Aufbau der Erde (inklusive Berge und Höhlen, Mineralien und Edelsteine, Bodenschätze), Entstehung der Jahreszeiten, Wetter sowie verschiedene Lebensräume (Savanne, Küsten, Polargebiete ...). Auch hier eine Mischung aus verschiedenen Textarten (Fließtext und Texte im Notiz- oder Interviewstil), "Lies mal weiter"-Kästchen, Rätseln etc. Im Anhang Glossar, Linkliste und Register, die Illustrationen sind aussagekräftig und ansprechend. Wie für die anderen Titel der Reihe gilt, dass die Bücher auch ohne Kopplung ans Internet problemlos nutzbar sind. Die Reihe "Wissen mit Links" (zuletzt "Wetter") wendet sich an ältere Kinder. Allen (Schul-)Bibliotheken empfohlen.</marc:subfield>
   </marc:datafield>
   <marc:datafield ind1=" " ind2=" " tag="300">
      <marc:subfield code="a">79 Seiten Ill.</marc:subfield>
   </marc:datafield>
</marc:record>
